[Event "5th Open"]
[Site "Wroclaw POL"]
[Date "2010.07.01"]
[Round "8"]
[White "Leks,M"]
[Black "Belenkaya,D"]
[Result "1-0"]
[WhiteElo "2175"]
[BlackElo "2125"]

1.e4 c5 2.Nf3 Nc6 3.d4 cxd4 4.Nxd4 Nf6 5.Nc3 d6 6.Bg5 e6 7.Qd2 a6 8.f4 Be7
9.O-O-O Nxd4 10.Qxd4 Qc7 11.Kb1 b5 12.e5 dxe5 13.fxe5 Bc5 14.Qf4 Nd7 15.Ne4 h6
16.Bh4 Bb7 17.Rxd7 Kxd7 18.Qxf7+ Kc8 19.Qxc7+ Kxc7 20.Nxc5 Bd5 21.Be7 Ra7
22.Bd3 Kc6 23.Bd6 Bxg2 24.Rg1 Bd5 25.Rg6 Re8 26.b4 Rf7 27.a4 Rf4 28.Nxa6 bxa4
29.Rxg7 Rc8 30.Nb8+ Rxb8 31.c4 Rc8 32.b5+ Kb6 33.cxd5 exd5 34.Rg6 Rf3 35.Bb4+ Kb7
36.Rg3 Rf4 37.Ba5 Rf2 38.Rg7+ Kb8 39.b6 a3 40.Rc7 Rb2+ 41.Ka1 Rg8 42.Rc1 Rgg2
43.Bb1 d4 44.Rf1 d3 45.Bc3 Rb3 46.Bd4 Re2 47.Ba2 d2 48.Rf8+ Kb7 49.Bxb3 Re1+
50.Ka2 d1=Q 51.Bxd1 Rxd1 52.Rd8 Rd2+ 53.Kxa3 Rxh2 54.e6 Re2 55.Rd7+ Kb8 56.e7 Re4
57.Rd8+  1-0

[Event "IsBank TCh-TUR"]
[Site "Konya TUR"]
[Date "2010.07.02"]
[Round "6"]
[White "Nikolova,A"]
[Black "Tsatsalashvili,K"]
[Result "1-0"]
[WhiteElo "2318"]
[BlackElo "2257"]

1.e4 c5 2.Nf3 d6 3.d4 cxd4 4.Nxd4 Nf6 5.Nc3 Nc6 6.Bg5 e6 7.Qd2 a6 8.O-O-O Bd7
9.f4 h6 10.Bh4 g5 11.fxg5 Ng4 12.Nxc6 Bxc6 13.Be2 Ne5 14.g3 Ng6 15.Rhf1 Be7
16.gxh6 Nxh4 17.gxh4 Bf8 18.Qd4 Rxh6 19.Qf2 Rh7 20.Nd5 Bxd5 21.exd5 Qxh4
22.Qb6 Qe7 23.dxe6 fxe6 24.Bd3 Rg7 25.h4 Rc8 26.Kb1 Rc5 27.Bxa6 Qc7 28.Bb5+ Ke7
29.Qxc7+ Rxc7 30.Rh1 Rg2 31.Bd3 Bh6 32.h5 Rc8 33.Rdg1 Rxg1+ 34.Rxg1 Rc5 35.Bg6 Rc4
36.Rf1 Rf4 37.Rxf4 Bxf4 38.c4 d5 39.c5 Bd2 40.a3 Kd7 41.b4 Be3 42.Kc2 Bg5
43.Kd3 Bc1 44.a4 Bg5 45.a5 Bh6 46.Bf7 Bg7 47.b5 Bf8 48.h6 Bxh6 49.Bxe6+ Ke7
50.Bxd5 Bf4 51.Kc4  1-0

[Event "IsBank TCh-TUR"]
[Site "Konya TUR"]
[Date "2010.07.02"]
[Round "6"]
[White "Galkin,A"]
[Black "Savchenko,B"]
[Result "1/2-1/2"]
[WhiteElo "2597"]
[BlackElo "2642"]

1.e4 c5 2.Nf3 d6 3.d4 cxd4 4.Nxd4 Nf6 5.Nc3 Nc6 6.Bg5 e6 7.Qd2 Qb6 8.Bxf6 gxf6
9.Nb3 a6 10.f4 Bd7 11.O-O-O h5 12.Be2 O-O-O 13.Rhf1 Be7 14.Rf3 Rdg8 15.Bf1 Kb8
16.Kb1 h4 17.a3 Rh5 18.Qe2 Na5 19.Rh3 Rgh8 20.g4 R5h7 21.Rhd3 Rg7 22.h3 Rc8
23.Ka2 Rgg8 24.Qe1 Nxb3 25.cxb3 Rh8 26.Bg2 Bc6 27.Bh1 Bf8 28.Bf3 Bh6 29.Qd2 Rcd8
30.Qh2 Qc7 31.f5 Rd7 32.Ne2 d5 33.Qh1 Bb5 34.Rc3 Qe5 35.a4  1/2-1/2

[Event "ch-NOR"]
[Site "Fredrikstad NOR"]
[Date "2010.07.05"]
[Round "3"]
[White "Forsaa,E"]
[Black "Thomassen,J"]
[Result "1/2-1/2"]
[WhiteElo "2299"]
[BlackElo "2364"]

1.e4 c5 2.Nf3 d6 3.d4 cxd4 4.Nxd4 Nf6 5.Nc3 Nc6 6.Bg5 e6 7.Qd2 a6 8.O-O-O Bd7
9.f3 Be7 10.Kb1 Rc8 11.Nb3 Qc7 12.f4 b5 13.Bxf6 gxf6 14.Bd3 b4 15.Ne2 Qb6
16.Qe1 a5 17.Qg1 Bd8 18.Qxb6 Bxb6 19.Bb5 Ke7 20.Rd2  1/2-1/2

[Event "IsBank TCh-TUR"]
[Site "Konya TUR"]
[Date "2010.07.05"]
[Round "9"]
[White "Gvetadze,Sopi"]
[Black "Melia,S"]
[Result "1/2-1/2"]
[WhiteElo "2363"]
[BlackElo "2466"]

1.e4 c5 2.Nf3 d6 3.d4 cxd4 4.Nxd4 Nf6 5.Nc3 Nc6 6.Bg5 e6 7.Qd2 Qb6 8.Nb3 Be7
9.Be2 Bd7 10.O-O O-O 11.Rad1 Rfd8 12.Be3 Qc7 13.f4 a6 14.Bf3 b5 15.Qf2 Rab8
16.Kh1 b4 17.Ne2 a5 18.g4 d5 19.exd5 Nxd5 20.Bxd5 exd5 21.f5 Ne5 22.Qg3 Bd6
23.Bf4 Re8 24.Nbd4 Nc4 25.Bxd6 Qxd6 26.Qxd6 Nxd6 27.Nf4 Nc4 28.Rde1 Ne3 29.Rf3 Nxg4
30.Rxe8+ Rxe8 31.Nxd5 Re1+ 32.Kg2 Re5 33.Nb6 Bxf5 34.Nxf5 Rxf5 35.Rxf5 Ne3+
36.Kf3 Nxf5 37.Ke4 g6 38.Nd5 a4 39.Nb6 a3 40.bxa3 bxa3 41.Nc4 Kf8 42.Nxa3 Ke7  1/2-1/2

[Event "IsBank TCh-TUR"]
[Site "Konya TUR"]
[Date "2010.07.06"]
[Round "10"]
[White "Nikolova,A"]
[Black "Topel,Z"]
[Result "1/2-1/2"]
[WhiteElo "2318"]
[BlackElo "2226"]

1.e4 c5 2.Nf3 Nc6 3.d4 cxd4 4.Nxd4 Nf6 5.Nc3 d6 6.Bg5 e6 7.Qd2 a6 8.O-O-O Bd7
9.f4 h6 10.Bh4 g5 11.fxg5 Ng4 12.Nxc6 Bxc6 13.Be2 Ne5 14.g3 Ng6 15.Rhf1 Nxh4
16.gxh4 hxg5 17.hxg5 Be7 18.Rg1 Qa5 19.g6 fxg6 20.Rxg6 O-O-O 21.Bg4 Bd7 22.Kb1 Qe5
23.Qd4 Rxh2 24.Qc4+ Kb8 25.Bxe6 Bc6 26.Bd5 Rc8 27.Bxc6 Rxc6 28.Rg8+ Ka7 29.Qf7 Bf6
30.Re8 Qh5 31.Qxh5 Rxh5 32.Nd5 Bg5 33.Ne7 Bxe7 34.Rxe7 Rh2 35.c3 Re2 36.Re6 a5
37.Rd5 b6 38.e5 Rc5 39.Re7+ Ka6 40.exd6 Rxd5 41.Rxe2 Rxd6 42.Kc2 Kb5 43.Kb3 Rh6
44.Re5+ Kc6 45.Rg5 Rh4 46.Rg2 Kc5 47.Kc2 Ra4 48.a3 Rh4 49.b3 Rh3 50.Kb2 Kb5
51.Rg5+ Kc6 52.Rg6+ Kb5 53.Rg2 Kc5 54.a4 Rf3 55.Rg5+ Kc6 56.Rg4 Rh3 57.Rc4+ Kb7
58.Ka3 Rf3 59.Kb2 Rh3 60.b4 axb4 61.Rxb4  1/2-1/2

[Event "IsBank TCh-TUR"]
[Site "Konya TUR"]
[Date "2010.07.06"]
[Round "10"]
[White "Tuncer,U"]
[Black "Haznedaroglu,K"]
[Result "1/2-1/2"]
[WhiteElo "2315"]
[BlackElo "2501"]

1.e4 c5 2.Nf3 d6 3.d4 cxd4 4.Nxd4 Nf6 5.Nc3 Nc6 6.Bg5 e6 7.Qd2 Qb6 8.O-O-O a6
9.Nb3 Be7 10.f3 O-O 11.Kb1 Rd8 12.Be3 Qc7 13.g4 b5 14.g5 Nd7 15.h4 Nb6 16.g6 b4
17.gxf7+ Kxf7 18.Bxb6 Qxb6 19.Na4 Qc7 20.f4 Bf6 21.h5 Rb8 22.f5 Ne7 23.Nac5 Nxf5
24.Nxa6 Bxa6 25.exf5 Bc8 26.h6 g6 27.fxg6+ hxg6 28.Bd3 e5 29.Rdf1 Qe7 30.Qg2 Bf5
31.Bxf5 gxf5 32.Rxf5 Rg8 33.Qf3 Rg6 34.h7 Kg7 35.Nd2 Kh8 36.Ne4 Bg7 37.Qh5 Qe6
38.Rhf1 Ra8 39.b3 Rh6 40.Qf3 d5 41.Ng5 Qa6 42.a4 bxa3 43.Ka2 Rc8 44.Qg2 Rh4
45.R1f2 e4 46.Nf7+ Kxh7 47.Ng5+ Kh8 48.R5f4 Rh5 49.Nf7+ Kh7 50.Ng5+ Kh8 51.Nf7+ Kh7
52.Ng5+ Kh8 53.Nf7+  1/2-1/2

[Event "IsBank TCh-TUR"]
[Site "Konya TUR"]
[Date "2010.07.07"]
[Round "11"]
[White "Gvetadze,Sopi"]
[Black "Nikolova,A"]
[Result "1/2-1/2"]
[WhiteElo "2363"]
[BlackElo "2318"]

1.e4 c5 2.Nf3 Nc6 3.d4 cxd4 4.Nxd4 Nf6 5.Nc3 d6 6.Bg5 Bd7 7.Nb3 h6 8.Bxf6 gxf6
9.Be2 Rg8 10.g3 f5 11.Bh5 fxe4 12.Nxe4 Bf5 13.Qe2 Bxe4 14.Qxe4 Rg5 15.Qf3 Ne5
16.Qd1 Nc4 17.O-O Qb6 18.Qf3 Ne5 19.Qe2 O-O-O 20.c3 Ng6 21.Kh1 Qc6+ 22.Bf3 Re5
23.Qd1 Qb6 24.Bg2 Bg7 25.a4 a6 26.f4 Re3 27.a5 Qb5 28.Nd4 Bxd4 29.Qxd4 Re2
30.b4 e5 31.fxe5 Nxe5 32.c4 Qxc4 33.Rac1 Rc2 34.Rxc2 Qxc2 35.Qa7 Nc6 36.Qa8+ Kc7
37.Rxf7+ Rd7 38.Rxd7+ Kxd7 39.Qxb7+ Ke6 40.Qc8+ Ke7 41.Qc7+ Ke6 42.Qc8+ Ke7
43.Qc7+ Ke6 44.Qc8+ Ke7 45.h3 Qb1+ 46.Kh2 Nxb4 47.Qh8 Qc1 48.Qh7+ Kd8 49.Qe4 Qc5
50.Qh4+ Kd7 51.Qg4+ Kd8 52.Qg8+ Ke7 53.Qg7+ Kd8 54.Qxh6 d5 55.Qf6+ Kc7 56.Qe5+ Qd6
57.Qd4 Kc6 58.Bf1 Qc5 59.Qf6+ Qd6 60.Qf7 d4 61.Qc4+ Kd7 62.Bd3 Nxd3 63.Qxd3 Qc5
64.h4 Qc3 65.Qxa6 Qc2+ 66.Kh3 Qf5+ 67.Kg2 Qe4+ 68.Kh2 Qc2+ 69.Kh3 Qf5+ 70.Kg2 Qe4+
71.Kg1 Qe3+ 72.Kh2 Qf2+ 73.Kh1 Qf3+ 74.Kh2 Qf2+ 75.Kh3  1/2-1/2

[Event "IsBank TCh-TUR"]
[Site "Konya TUR"]
[Date "2010.07.07"]
[Round "12"]
[White "Kayabolen,A"]
[Black "Gokerman,E"]
[Result "1/2-1/2"]
[WhiteElo "1920"]
[BlackElo "2147"]

1.e4 c5 2.Nf3 Nc6 3.d4 cxd4 4.Nxd4 Nf6 5.Nc3 d6 6.Bg5 Bd7 7.Qd2 Rc8 8.f4 Nxd4
9.Qxd4 Qa5 10.Bxf6 gxf6 11.Bc4 Qc5 12.Qxc5 Rxc5 13.Bd3 f5 14.exf5 Bxf5 15.Ne4 Bxe4
16.Bxe4 f5 17.Bd3 Bg7 18.O-O-O e6 19.Kb1 Kf7 20.Rhe1 Rhc8 21.Re2 R8c6 22.b3 Bc3
23.h3 Ra5 24.g4 Rcc5 25.a4 fxg4 26.hxg4 b5 27.Rh1 h5 28.Rxh5 Rxh5 29.gxh5 bxa4
30.Bg6+ Kf6 31.Ka2 a3 32.Rg2 Rd5 33.Rg1 Rd2 34.h6 Rh2 35.h7 Bd4 36.Rd1 Kxg6
37.Rxd4 d5 38.Kxa3 Rxh7 39.c4 dxc4 40.bxc4 Rb7 41.c5 Kf5 42.c6 Rc7 43.Rc4 e5
44.fxe5 Kxe5 45.Kb4 Kd6 46.Kb5 Rh7 47.Rd4+ Kc7  1/2-1/2

[Event "IsBank TCh-TUR"]
[Site "Konya TUR"]
[Date "2010.07.07"]
[Round "12"]
[White "Nikolova,A"]
[Black "Melia,S"]
[Result "0-1"]
[WhiteElo "2318"]
[BlackElo "2466"]

1.e4 c5 2.Nf3 d6 3.d4 cxd4 4.Nxd4 Nf6 5.Nc3 Nc6 6.Bg5 e6 7.Qd2 Qb6 8.Nb3 Be7
9.Bxf6 gxf6 10.O-O-O Bd7 11.f4 O-O-O 12.Be2 h5 13.Rhf1 Rdg8 14.g3 h4 15.g4 Na5
16.Nxa5 Qxa5 17.Kb1 Kb8 18.Qd4 Bc6 19.a4 Rc8 20.Bb5 Rhg8 21.h3 a6 22.Bxc6 Rxc6
23.Rf3 Rgc8 24.Rd2 Rc4 25.Qf2 Qb4 26.Kc1 f5 27.gxf5 Bf6 28.Rdd3 exf5 29.e5 dxe5
30.fxe5 Bxe5 31.Rxf5 Bxc3 32.bxc3 Rxc3 33.Rxc3 Qxc3 34.Rxf7 Rd8 35.Rxb7+ Kxb7
36.Qf7+ Ka8  0-1

[Event "IsBank TCh-TUR"]
[Site "Konya TUR"]
[Date "2010.07.08"]
[Round "13"]
[White "Lastin,A"]
[Black "Mamedov,Nid"]
[Result "1/2-1/2"]
[WhiteElo "2643"]
[BlackElo "2614"]

1.e4 c5 2.Nf3 d6 3.d4 cxd4 4.Nxd4 Nf6 5.Nc3 Nc6 6.Bg5 e6 7.Qd2 Qb6 8.Bxf6 gxf6
9.Nb3 Bd7 10.O-O-O O-O-O 11.f4 a6 12.Be2 h5 13.Rhf1 Be7 14.Rf3 Rdg8 15.Bf1 h4
16.Kb1 Kb8 17.Rh3 Rh5 18.Qe2 Rhh8 19.Qe1 Rg4 20.g3 Rgg8 21.gxh4 Rg4 22.f5 Ne5
23.Nd4 Bf8 24.Be2 Rf4 25.h5 Bh6 26.Rh4 Rc8 27.Rxf4 Bxf4 28.fxe6 fxe6 29.Qf2 Bg5
30.h4 Rxc3 31.hxg5 fxg5 32.Qg2 g4 33.Nb3 Rc8 34.Qg3 Rh8 35.Rh1  1/2-1/2

[Event "ch-Paris Int"]
[Site "Paris FRA"]
[Date "2010.07.11"]
[Round "9"]
[White "Gharamian,T"]
[Black "Vidit,S"]
[Result "1-0"]
[WhiteElo "2650"]
[BlackElo "2492"]

1.e4 c5 2.Nf3 d6 3.d4 cxd4 4.Nxd4 Nf6 5.Nc3 Nc6 6.Nb1 Ng8 7.Nf3 Nb8 8.Nd4 Nf6
9.Nc3 Nc6 10.Bg5 Bd7 11.Qd2 Rc8 12.O-O-O Nxd4 13.Qxd4 Qa5 14.Bd2 a6 15.Kb1 Qc5
16.Qxc5 Rxc5 17.f3 g6 18.Be3 Rc6 19.g4 h6 20.h4 Bg7 21.Be2 Be6 22.Nd5 Bxd5
23.exd5 Rc7 24.Rhe1 Nd7 25.f4 Nc5 26.Bf3 Na4 27.Bc1 Bf6 28.g5 hxg5 29.hxg5 Bg7
30.Rh1 Rc5 31.c3 b5 32.Rxh8+ Bxh8 33.Re1 Rc7 34.Bg2 Rb7 35.Kc2 Rc7 36.a3 Kf8
37.Rf1 a5 38.Kb1 Rb7 39.Rf3 Nc5 40.Bd2 Kg8 41.Kc2 Ne4 42.Be1 Nc5 43.b4 axb4
44.axb4 Nd7 45.Bf1 Rb8 46.Kb3 Bg7 47.Bd3 Nf8 48.Bd2 e6 49.Be4 Rc8 50.Rf1 exd5
51.Bxd5 Nd7 52.Bb7 Rb8 53.Bc6 Nb6 54.Bxb5 Kf8 55.Bc6 d5 56.Rd1 Rc8 57.b5 Nc4
58.Kc2 d4 59.cxd4 Nxd2 60.Rxd2 Ke7 61.Kd3 Rd8 62.Kc4 Kd6 63.Ra2 Kc7 64.Ra7+ Kb6
65.Rb7+ Ka5 66.d5  1-0

[Event "XII Open"]
[Site "Torredembarra ESP"]
[Date "2010.07.11"]
[Round "9"]
[White "Gomez Garrido,C"]
[Black "Anikaev,Y"]
[Result "1-0"]
[WhiteElo "2499"]
[BlackElo "2411"]

1.e4 c5 2.Nf3 Nc6 3.d4 cxd4 4.Nxd4 Nf6 5.Nc3 d6 6.Bg5 e6 7.Qd2 Be7 8.O-O-O O-O
9.Ndb5 Qa5 10.f4 Rd8 11.Bxf6 gxf6 12.Bc4 a6 13.Nd4 Bd7 14.f5 Nxd4 15.Qxd4 Rac8
16.Bb3 Kh8 17.Rhf1 Rg8 18.g3 Rg4 19.Kb1 Qe5 20.Qd2 Rcg8 21.Qf2 Bc8 22.a3 Qa5
23.Rd3 Bd7 24.h3 R4g5 25.g4 Rc8 26.Re1 Rgg8 27.Qh4 Qe5 28.Qf2 Bd8 29.Qd2 Rc6
30.Nd5 b5 31.Rf3 Bc8 32.c3 Re8 33.Nb4 Qc5 34.fxe6 fxe6 35.Nxc6 Qxc6 36.Qh6 Qc5
37.e5 dxe5 38.Rxf6 Qe7 39.Ref1 Kg8 40.Bc2 Qg7 41.Qxg7+  1-0

[Event "ZDMI Open"]
[Site "Dresden GER"]
[Date "2010.07.12"]
[Round "3"]
[White "Teuchert,S"]
[Black "Stabolewski,A"]
[Result "0-1"]
[WhiteElo "1931"]
[BlackElo "2267"]

1.e4 c5 2.Nf3 Nc6 3.d4 cxd4 4.Nxd4 Nf6 5.Nc3 d6 6.Bg5 e6 7.Qd2 a6 8.O-O-O Be7
9.f4 Nxd4 10.Qxd4 b5 11.e5 dxe5 12.Qxe5 Qb6 13.h3 h6 14.Bh4 Bb7 15.Kb1 Rc8
16.Bd3 Bxg2 17.Rhg1 b4 18.Na4 Qc6 19.Nb6 Rd8 20.f5 Bf3 21.Rdf1 Qxb6 22.Rxg7 Qd4
23.Qg3 Be4 24.fxe6 Bxd3 25.exf7+ Kf8 26.Rg8+ Kxf7 27.Rg7+ Kf8 28.cxd3 Qxd3+
29.Qxd3 Rxd3 30.Rg6 Kf7 31.Bxf6 Kxg6 32.Bxh8 Rxh3 33.Re1 Bg5 34.Re6+ Kh7
35.Bd4 a5 36.Ra6 Rd3 37.Bc5 Rd1+  0-1

[Event "2nd Open"]
[Site "Rethymno GRE"]
[Date "2010.07.14"]
[Round "2"]
[White "Zinchenko,Ya"]
[Black "Bomans,A"]
[Result "1-0"]
[WhiteElo "2544"]
[BlackElo "2190"]

1.e4 c5 2.Nf3 d6 3.d4 cxd4 4.Nxd4 Nf6 5.Nc3 Nc6 6.Bg5 e6 7.Qd2 a6 8.O-O-O Bd7
9.f3 Be7 10.h4 h6 11.Be3 h5 12.Bg5 Ne5 13.Qe1 Qc7 14.f4 Neg4 15.Rh3 Rc8 16.Be2 b5
17.a3 Qc5 18.Rhd3 e5 19.Bxg4 Bxg4 20.Nb3 Qc6 21.R1d2 Be6 22.Bxf6 gxf6 23.f5 Bxb3
24.cxb3 Rg8 25.Kb1 a5 26.Nd5 Rg4 27.Rc3 Qb7 28.Rxc8+ Qxc8 29.Rc2 Qb8 30.Qc1 Bd8
31.Rc8 Qb7 32.Nxf6+ Ke7 33.Nxg4 Qxe4+ 34.Qc2 Qxc2+ 35.Kxc2 hxg4 36.f6+ Kd7
37.Rxd8+  1-0

[Event "2nd Open"]
[Site "Rethymno GRE"]
[Date "2010.07.14"]
[Round "2"]
[White "Ruiz C,J"]
[Black "Smirnov,Arte"]
[Result "1-0"]
[WhiteElo "2096"]
[BlackElo "2446"]

1.e4 c5 2.Nf3 Nc6 3.d4 cxd4 4.Nxd4 Nf6 5.Nc3 d6 6.Bg5 e6 7.Qd2 a6 8.O-O-O Bd7
9.f4 b5 10.Nxc6 Bxc6 11.Qe3 h6 12.Bxf6 gxf6 13.f5 b4 14.Nd5 Bxd5 15.exd5 e5
16.Kb1 h5 17.Qe4 Qb6 18.a3 bxa3 19.Qa4+ Ke7 20.Qxa3 Bh6 21.Rd3 Rhc8 22.Rb3 Qa7
23.Be2 Rc7 24.Rf1 h4 25.Rc3 Rxc3 26.Qxc3 Qb7 27.Rd1 Rb8 28.Rd3 Qb6 29.b3 Bf4
30.g3 e4 31.Rd4 Be5 32.Rxe4 Qg1+ 33.Ka2 Kf8 34.Rxe5 fxe5 35.f6 Qc5 36.Qd2 Ke8
37.gxh4 Kd7 38.h5 Qd4 39.Qa5 Qc5 40.Bg4+ Ke8 41.Qxc5 dxc5 42.h6 Kd8 43.d6  1-0

[Event "2nd Open"]
[Site "Rethymno GRE"]
[Date "2010.07.14"]
[Round "3"]
[White "Prasanna,Ra"]
[Black "Zinchenko,Ya"]
[Result "1/2-1/2"]
[WhiteElo "2373"]
[BlackElo "2544"]

1.e4 c5 2.Nf3 Nc6 3.d4 cxd4 4.Nxd4 Nf6 5.Nc3 d6 6.Bg5 e6 7.Qd2 a6 8.O-O-O Bd7
9.f3 Be7 10.Kb1 Qc7 11.Nxc6 Bxc6 12.h4 h6 13.Be3 h5 14.Ne2 Rc8 15.Nd4 d5
16.e5 Nd7 17.f4 Nc5 18.Bd3 g6 19.Qf2 Bd7 20.Rhg1 Na4 21.Nb3 Bb5 22.Bd4 Qd7
23.g4 hxg4 24.Rxg4 Bxd3 25.Rxd3 Qc6 26.Rh3 Qb5 27.Rg1 Kd7 28.h5 gxh5 29.f5 Rh7
30.Rhg3 Kc7 31.Rg7 Rxg7 32.Rxg7 exf5 33.Rxf7 Re8 34.Qxf5 h4 35.Qh7 Kd8 36.e6 Qe2
37.Bf6 Qxe6 38.Rxe7 Rxe7 39.Qxh4 Nb6 40.Nc5 Qe3 41.Bxe7+ Qxe7 42.Nxb7+ Ke8
43.Qxe7+ Kxe7 44.Kc1 Na8 45.Kd2 Nc7 46.Kd3 Kd7 47.Nc5+ Kc6 48.Nb3 Ne8 49.Kd4 Kd6
50.Nc5 Nc7 51.Nb3 Ne6+ 52.Kc3 Kc7 53.Nd4 Nc5 54.Nf5 Ne6 55.Kb4 Kb6 56.Ne7 a5+
57.Kc3 Kc5 58.Nf5 d4+ 59.Kd3 Kd5 60.Ne7+ Kd6 61.Nf5+ Kd5 62.Ng3 Nc5+ 63.Kd2 Nd7
64.Ne2 Ne5 65.b3 Ke4 66.Nc1 Nf3+ 67.Ke2 Ng1+ 68.Kf2 Nh3+ 69.Ke1 Nf4 70.Kd2 Kd5
71.Nd3 Ng6 72.a3 Nh4 73.Nf4+ Ke5 74.Nd3+ Kd5 75.Ke2 Ng6 76.Kf3 Nh4+ 77.Ke2 Ng6
78.a4 Ne7 79.Nb2 Nc6 80.Nc4 Ke4 81.Kd2 Kd5 82.Kc1 Ke4 83.Kd2 Kd5 84.Ke2 Ke4
85.Nb2 Nb4 86.Kd2 Nc6 87.Nd3 Kd5 88.c3 dxc3+ 89.Kxc3 Nd4 90.b4 axb4+ 91.Kxb4 Kc6
92.Kc4 Nf5 93.a5 Nd6+ 94.Kb4 Nb7 95.Ne5+ Kc7 96.a6 Kb6  1/2-1/2

[Event "7th South Wales Int"]
[Site "Treforest WLS"]
[Date "2010.07.14"]
[Round "7"]
[White "Zhou,Yang-Fan"]
[Black "Wells,P"]
[Result "0-1"]
[WhiteElo "2348"]
[BlackElo "2488"]

1.e4 c5 2.Nf3 Nc6 3.d4 cxd4 4.Nxd4 Nf6 5.Nc3 d6 6.Bg5 e6 7.Qd2 Be7 8.O-O-O O-O
9.f3 a6 10.h4 Nxd4 11.Qxd4 b5 12.Kb1 Bb7 13.Qd2 Rc8 14.Ne2 d5 15.e5 Nd7 16.f4 f6
17.Nd4 Qb6 18.Bd3 Nc5 19.exf6 gxf6 20.Bh6 Rf7 21.Rhe1 f5 22.Qe3 Ne4 23.Bxe4 fxe4
24.Qh3 Bf6 25.Nxe6 Qf2 26.Qg4+ Rg7 27.Qxg7+ Bxg7 28.Bxg7 d4 29.c3 d3 30.Bd4 Qc2+
31.Ka1 Bd5 32.Nc5 d2 33.Rg1 Rxc5 34.Bxc5 Qd3 35.Bd4 e3 36.Bxe3 Qc4 37.Kb1 Qd3+
38.Ka1 Qxe3 39.Rgf1 Qe2 40.b3 Be4  0-1

[Event "Corporation Centre Cup"]
[Site "Izhevsk RUS"]
[Date "2010.07.15"]
[Round "1"]
[White "Kotenko,P"]
[Black "Nelyubin,G"]
[Result "1-0"]
[WhiteElo "2396"]
[BlackElo "2067"]

1.e4 c5 2.Nf3 Nc6 3.d4 cxd4 4.Nxd4 Nf6 5.Nc3 d6 6.Bg5 e6 7.Qd2 a6 8.O-O-O Bd7
9.f4 b5 10.Bxf6 gxf6 11.Nxc6 Bxc6 12.f5 h5 13.Kb1 Qb6 14.fxe6 fxe6 15.Ne2 Bxe4
16.Nf4 Bh6 17.Qe1 Qc6 18.Bd3 d5 19.Bxe4 dxe4 20.Nxh5 Bg5 21.g4 Rc8 22.h4 Qxc2+
23.Ka1 Rxh5 24.gxh5 Bf4 25.Qg1 Be5 26.Qg8+ Ke7 27.Qg7+ Ke8 28.Rb1 b4 29.h6 Qd2
30.Qg6+ Kf8 31.Qxe4 Qxh6 32.Qxb4+ Kf7 33.Qb7+ Rc7 34.Qxa6 Qd2 35.Qb5 Rc2
36.Qb7+ Kf8 37.h5 Bxb2+ 38.Rxb2  1-0

[Event "2nd Artemis Cup"]
[Site "Leros GRE"]
[Date "2010.07.15"]
[Round "3"]
[White "Moen,A"]
[Black "Jankovic,A"]
[Result "1/2-1/2"]
[WhiteElo "2326"]
[BlackElo "2567"]

1.e4 c5 2.Nf3 Nc6 3.d4 cxd4 4.Nxd4 Nf6 5.Nc3 d6 6.Bg5 e6 7.Qd2 a6 8.O-O-O Bd7
9.f3 Be7 10.h4 O-O 11.Kb1 b5 12.Nxc6 Bxc6 13.Bd3 Qc7 14.h5 Rfd8 15.h6 g6
16.Qf4 Ne8 17.Bxe7 Qxe7 18.e5 dxe5 19.Qxe5 b4 20.Be4 f6 21.Qa5 Rdc8 22.Bxc6 Rxc6
23.Ne2 Rac8 24.Nd4 Rc4 25.Rhe1 e5 26.f4 Qd8 27.Qxd8 Rxd8 28.Ne6 Rxd1+ 29.Rxd1 exf4
30.b3 Re4 31.Nc5 Re2 32.Nxa6 Rxg2 33.Nxb4 g5 34.Rf1 Nd6 35.a4 Ne4 36.Kb2 Re2
37.Nd3 Nd2 38.Ra1 f3 39.a5 g4 40.a6 Re8 41.a7 g3 42.Kc3 Ne4+ 43.Kd4 f2 44.a8=Q Rxa8
45.Rxa8+ Kf7 46.Ra1 Nd2 47.Nf4 f1=Q 48.Rxf1 Nxf1 49.b4 Nd2 50.b5 Nf3+ 51.Kd5 Ke7
52.b6 Kd7 53.c4 Ne5 54.c5 Nc6 55.Ke4 Ne5 56.Kf5 Nf7 57.Kxf6 Nxh6 58.Kg5 Ng8
59.Kg4  1/2-1/2

[Event "Open A"]
[Site "Oberwart AUT"]
[Date "2010.07.15"]
[Round "3"]
[White "Newrkla,K"]
[Black "Pergel,L"]
[Result "1/2-1/2"]
[WhiteElo "2105"]
[BlackElo "2277"]

1.e4 c5 2.Nf3 Nc6 3.d4 cxd4 4.Nxd4 Nf6 5.Nc3 d6 6.Bg5 e6 7.Qd2 Be7 8.O-O-O O-O
9.f3 a6 10.h4 Qc7 11.Kb1 b5 12.Nxc6 Qxc6 13.g4 Rd8 14.h5 b4 15.Ne2 e5 16.Qxb4 Be6
17.Qc3 Qb7 18.Bc1 Rac8 19.Qe1 Nxe4 20.fxe4 Qxe4 21.Rh3 Qxc2+ 22.Ka1 Bxg4
23.Rhd3 Bxh5 24.R1d2 Qc6 25.Nc3 f5 26.Bg2 e4 27.Rd5 Bg5 28.Rc2 Bxc1 29.Rxc1 Qd7
30.Bh3 g6 31.Nxe4 Qe6 32.Nc3 Qxe1 33.Rxe1 Kf7 34.a3 Bf3 35.Ra5 Bb7 36.Nd5 Rc5  1/2-1/2

[Event "Open A"]
[Site "Oberwart AUT"]
[Date "2010.07.15"]
[Round "3"]
[White "Shengelia,D"]
[Black "Danner,G"]
[Result "1-0"]
[WhiteElo "2582"]
[BlackElo "2418"]

1.e4 c5 2.Nf3 Nc6 3.d4 cxd4 4.Nxd4 Nf6 5.Nc3 d6 6.Bg5 e6 7.Qd2 Be7 8.O-O-O Nxd4
9.Qxd4 O-O 10.f4 h6 11.h4 hxg5 12.hxg5 Ng4 13.Be2 e5 14.Qg1 exf4 15.Bxg4 Bxg5
16.Bxc8 Rxc8 17.Kb1 Re8 18.Rd3 Rc5 19.g3 f3 20.Rxf3 Qe7 21.a3 Qe6 22.g4 Qg6
23.Rf5 b6 24.Rh5 Bh6 25.Qg3 Rxc3 26.Qxc3 Rxe4 27.Qc8+ Kh7 28.Rxh6+ gxh6 29.Qf8 Re1+
30.Ka2 f6 31.Rxf6 Qg8+ 32.Rf7+  1-0

[Event "2nd Open"]
[Site "Rethymno GRE"]
[Date "2010.07.15"]
[Round "4"]
[White "Goumas,G"]
[Black "Zubarev,Al1"]
[Result "0-1"]
[WhiteElo "2298"]
[BlackElo "2562"]

1.e4 c5 2.Nf3 d6 3.d4 cxd4 4.Nxd4 Nf6 5.Nc3 Nc6 6.Bg5 Qb6 7.Bxf6 gxf6 8.Nb3 e6
9.Qh5 a6 10.Be2 Nd4 11.O-O Nxc2 12.Rac1 Nb4 13.Na4 Qd8 14.f4 Nxa2 15.Ra1 b5
16.Rxa2 bxa4 17.Nd2 Qb6+ 18.Kh1 Qb4 19.b3 axb3 20.Rb2 Bd7 21.f5 Ke7 22.fxe6 Bxe6
23.Qf3 Bg7 24.Nxb3 Rhc8 25.Rfb1 Rc3 26.Nd2 Qxb2 27.Rxb2 Rxf3 28.gxf3 Ra7
29.Nc4 a5 30.Ra2 a4 31.Ra3 f5 32.exf5 Bxc4 33.Bxc4 Bb2 34.Re3+ Kf6 35.Rd3 Be5
36.Ra3 Ra5 37.Bb3 Rb5 38.Bxa4 Rb1+ 39.Kg2 Rb2+ 40.Kf1 Kxf5 41.Bc6 h6 42.Be8 f6
43.Bd7+ Kf4 44.h3 d5 45.Be6 d4 46.Ra2 Rb6 47.Bd5 d3 48.Be4 Rb3 49.Bd5 Rb1+
50.Kg2 Ke3 51.Be4 Rc1 52.Ra3 Bc3 53.Bd5 Rc2+  0-1

[Event "Corporation Centre Cup"]
[Site "Izhevsk RUS"]
[Date "2010.07.17"]
[Round "3"]
[White "Gochelashvili,D"]
[Black "Poniaev,R"]
[Result "0-1"]
[WhiteElo "2443"]
[BlackElo "2277"]

1.e4 c5 2.Nf3 d6 3.d4 cxd4 4.Nxd4 Nf6 5.Nc3 Nc6 6.Bg5 e6 7.Qd2 a6 8.h3 Bd7
9.O-O-O b5 10.a3 Qb6 11.Qe3 Be7 12.Nb3 Qxe3+ 13.Bxe3 O-O 14.g4 Bc8 15.g5 Nd7
16.f4 Bb7 17.h4 Rfd8 18.Bh3 Nc5 19.Nd2 d5 20.exd5 exd5 21.Bf2 b4 22.axb4 Nxb4
23.Rhe1 Bd6 24.Kb1 Re8 25.Bg2 Rac8 26.Rxe8+ Rxe8 27.Nc4 dxc4 28.Rxd6 Bxg2
29.Bxc5 Nc6 30.Nd5 Bxd5 31.Rxd5 Rd8 32.Rxd8+ Nxd8 33.Kc1 Ne6 34.Be3 Nc7 35.Kd2 Nd5
36.Bd4 f5 37.gxf6 gxf6 38.b3 cxb3 39.cxb3 Kf7 40.Kd3 Nxf4+ 41.Kc4 Ke6 42.Kb4 Nd3+
43.Ka5 f5 44.Kxa6 Kd5 45.Bg1 Nc5+ 46.Kb6 Nxb3 47.Kc7 h5 48.Kd7 f4 49.Bh2 f3
50.Bg3 Nd2  0-1

[Event "Int ch-SVK OpenA"]
[Site "Banska Stiavnica SVK"]
[Date "2010.07.18"]
[Round "9"]
[White "Hrabusa,M"]
[Black "Likavsky,T"]
[Result "0-1"]
[WhiteElo "2296"]
[BlackElo "2440"]

1.e4 c5 2.Nf3 d6 3.d4 cxd4 4.Nxd4 Nf6 5.Nc3 Nc6 6.Bg5 e6 7.Qd2 Be7 8.O-O-O a6
9.f3 Qc7 10.Kb1 Nxd4 11.Qxd4 b5 12.Qd2 Bb7 13.h4 Rc8 14.Bd3 h6 15.Be3 Nd7
16.Ne2 Ne5 17.Nd4 d5 18.exd5 Bxd5 19.h5 Nxd3 20.Qxd3 O-O 21.Bc1 Bf6 22.Qe2 Rfd8
23.Qf2 a5 24.Rhg1 a4 25.g4 Bxa2+ 26.Ka1 Bd5 27.Qe2 Qc5 28.c3 b4 29.g5 hxg5
30.Bxg5 Bxg5 31.Rxg5 bxc3 32.h6 g6 33.h7+ Kxh7 34.Rh1+ Kg8 35.Nxe6 Bxe6 36.Rxc5 Rxc5
37.Qh2 Rh5  0-1

[Event "Open A"]
[Site "Oberwart AUT"]
[Date "2010.07.19"]
[Round "7"]
[White "Ly,Daniel"]
[Black "Pergel,L"]
[Result "0-1"]
[WhiteElo "2045"]
[BlackElo "2277"]

1.e4 c5 2.Nf3 Nc6 3.d4 cxd4 4.Nxd4 Nf6 5.Nc3 d6 6.Bg5 e6 7.Qd2 Bd7 8.O-O-O a6
9.f3 b5 10.Nxc6 Bxc6 11.Ne2 h6 12.Be3 Qc7 13.Nd4 Bb7 14.Bd3 Be7 15.Kb1 Nd7
16.g4 Nc5 17.h4 d5 18.exd5 Bxd5 19.g5 Nxd3 20.cxd3 hxg5 21.hxg5 Kd7 22.Rc1 Rxh1
23.Rxh1 Rc8 24.Rh7 Bf8 25.f4 Rd8 26.Ne2 Kc8 27.Nc3 Bc6 28.a3 a5 29.Rh3 b4
30.axb4 axb4 31.Ne2 Bg2 32.Rg3 Bd5 33.Nc1 Kb7 34.Qd1 Qc6 35.Nb3 Ra8 36.Rg1 Qa6
37.Bf2 Qa2+  0-1

[Event "Corporation Centre Cup"]
[Site "Izhevsk RUS"]
[Date "2010.07.21"]
[Round "7"]
[White "Kokarev,Dm"]
[Black "Poniaev,R"]
[Result "1-0"]
[WhiteElo "2629"]
[BlackElo "2277"]

1.e4 c5 2.Nf3 Nc6 3.d4 cxd4 4.Nxd4 Nf6 5.Nc3 d6 6.Bg5 e6 7.Qd2 a6 8.O-O-O Bd7
9.f4 b5 10.Bxf6 gxf6 11.Kb1 b4 12.Nce2 Qb6 13.g3 h5 14.Nf3 Ra7 15.Ned4 Nxd4
16.Nxd4 Rc7 17.b3 a5 18.Bc4 Rc5 19.Rhe1 Bh6 20.Qe2 Bf8 21.f5 e5 22.Nf3 Bh6
23.Nh4 Bg5 24.Ng2 h4 25.gxh4 Bxh4 26.Nxh4 Rxh4 27.Qg2 Ke7 28.Bxf7 Qb8 29.Bc4 Qh8
30.Qd2 d5 31.Bxd5 Rxh2 32.Re2 Rh1 33.Rxh1 Qxh1+ 34.Re1 Qh3 35.Rd1 Qc3 36.Qf2 Bb5
37.Bc4  1-0

[Event "21st Czech Rapid Open"]
[Site "Pardubice CZE"]
[Date "2010.07.22"]
[Round "8"]
[White "Gabrielian,A"]
[Black "Kononenko,Dmitry1"]
[Result "0-1"]
[WhiteElo "2559"]
[BlackElo "2590"]

1.e4 c5 2.Nf3 Nc6 3.d4 cxd4 4.Nxd4 Nf6 5.Nc3 d6 6.Bg5 Bd7 7.Qd2 h6 8.Bxf6 gxf6
9.Nb3 Rc8 10.Bd3 h5 11.O-O h4 12.h3 Ne5 13.f4 Nc4 14.Bxc4 Rxc4 15.Rae1 Qc8
16.Qd3 Rg8 17.Rf3 f5 18.e5 dxe5 19.fxe5 e6 20.Rf2 Rg3 21.Rf3 Rxf3 22.Qxf3 b5
23.a3 Qc7 24.Qf2 a5 25.Kh1 b4 26.axb4 axb4 27.Ne2 Rxc2 28.Qxh4 Rxb2 29.Nbd4 Qxe5
30.Ra1 Qe4 31.Qf6 Rb1+ 32.Rxb1 Qxb1+ 33.Kh2 Qe4 34.Ng3 Bd6 35.Qh8+ Ke7 36.Qg7 Qe5
37.Qg5+ Ke8 38.Qg8+ Ke7 39.Qg5+ Kf8 40.Ne2 f4 41.Qd8+ Be8 42.Nh5 Be7 43.Qd4 Qxd4
44.Nxd4 e5 45.Nb3 f5 46.g4 Bxh5 47.gxh5 Kg7 48.Kg2 Kh6 49.Kf3 Bd6 50.Nd2 e4+
51.Ke2 f3+  0-1